Workbook of vital evangelism: (Record no. 11028)

000 -LEADER
fixed length control field 00591nam a2200181 a 4500
001 - CONTROL NUMBER
control field :::00008821$&:&@@
003 - CONTROL NUMBER IDENTIFIER
control field OkBaRHE
005 - DATE AND TIME OF LATEST TRANSACTION
control field 20000607103346.0
008 - FIXED-LENGTH DATA ELEMENTS--GENERAL INFORMATION
fixed length control field s1982 j 000 0 eng u
040 ## - CATALOGING SOURCE
Transcribing agency
100 1# - MAIN ENTRY--PERSONAL NAME
Personal name Warren, James I.
245 10 - TITLE STATEMENT
Title Workbook of vital evangelism:
Remainder of title what, why & how?
260 ## - PUBLICATION, DISTRIBUTION, ETC. (IMPRINT)
Place of publication, distribution, etc Nashville, TN., :
Name of publisher, distributor, etc Discipleship Resources
Date of publication, distribution, etc c1982
300 ## - PHYSICAL DESCRIPTION
Extent 67 p. : illus. ;
Dimensions 23 cm.
650 ## - SUBJECT ADDED ENTRY--TOPICAL TERM
Topical term or geographic name as entry element Evangelistic Work
General subdivision Study and Teaching
942 ## - ADDED ENTRY ELEMENTS (KOHA)
Source of classification or shelving scheme
Koha item type Books
Copies
Permanent Location Date acquired Shelving location Koha item type Date last seen Source of classification or shelving scheme Lost status Full call number Copy number Withdrawn status Barcode Damaged status Price effective from Not for loan
RHEMA Bible Training College2010-04-14General StacksBooks2010-04-14  BV 3795 .W321 8821 2010-04-14